00609nam a2200193Ia 4500008004100000020001400041082001500055100002000070245005000090250000700140260003400147300002800181500000700209600002100216650005000237942000700287952010600294999001500400240925s9999 xx 000 0 und d a201877015 a004.66 GIN aGinsburg, David 0aATM: Solutions for Enterprise Internetworking aNA aNew York:bFree Pressc,1996. axvi,569p.bNAfOriginal aNA aComputer Science aComputer science, information & general works cBK 011440708CSaUITUbUITUd2000-03-25eNAl0o004.66 GINpQ3031r2024-09-25 07:13:00w2024-09-25yBK c5530d5530